La discographie de La Fève - Statistiques

Statistiques générales
  • Ce quiz a été pris 17 fois
  • Le résultat moyen est 38 sur 214
Statistiques - réponses
ALBUMS CHANSONS % Correct
MAUVAIS PAYEUR
92%
NO HOOK
83%
VOITURE SPORTIVE
83%
ZAZA
75%
24
67%
OUTRO
67%
24 ZAY INTRO
67%
7W
58%
BALENCIAGA
58%
BIG
58%
CASTRO
58%
DJ
58%
LOYAL
58%
MA CHIENNE DE TRAPLIFE
58%
SUITE
58%
ZAZA PART.2
58%
25
50%
500
50%
CRENSHAW
50%
HOMESTUDIO
50%
LADY D
50%
LONERRR
50%
NAVRÉ
50%
OTW
50%
RIP DOLPH
50%
SAMESHIT (BONUS)
50%
SANS PLUG
50%
ALCHIMIE
42%
ERRR BELEK
42%
BIGLAF BIGLAF
42%
KOLAF DIEZ
42%
Empty the Bin vol. 3 ERRR
42%
LYELE OUTRO
42%
OUVRE LA PORTE!
42%
PATIN
42%
QUI ?
42%
ROSE MAGNOLIA
42%
SAOULÉ
42%
SHAWTY (BONUS)
42%
TYPE SHIT
42%
VILAIN
42%
BELLE SOMME
33%
Empty the Bin vol. 4 BIG LOUIS
33%
DSMJ
33%
ETC
33%
LA BRUME
33%
L'AFFAMÉ
33%
LA FOUDRE
33%
NOSTALGIE INTERLUDE
33%
PETIT SEUM
33%
RAT INTERLUDE
33%
RIEN D'ORIGINAL
33%
TARIK INTERLUDE
33%
TRAHI
33%
VOIR AILLEURS
33%
ZOMBIE
33%
14 JUILLET
25%
SINGLES 300E LA PLAQUETTE
25%
BOXE INTERLUDE
25%
CLAIREMENT
25%
DANS MA TÊTE
25%
DES CANICHES ET DES PITS
25%
DISQUE D'OR
25%
G-CODE
25%
JEUNE INTERLUDE
25%
KANYE WEST
25%
L4F
25%
L'APPEL
25%
L'horloge
25%
OCEAN
25%
PASSPORT
25%
RIP KEED
25%
ROYAL
25%
SNITCH
25%
VVS
25%
ACHILLE
17%
BREAK YA NEACK
17%
CHATEAU
17%
CHUI QUN HOMME
17%
CIEL
17%
COLLAGE
17%
ERRR OUTRO
17%
ESPION
17%
FUCKED UP!
17%
NOCTURNES 1 | NOCTURNES 2 | NOCTURNES 3 INTRO
17%
PARESSE 2 La flemme
17%
LA PESTE
17%
La rime
17%
Le taff
17%
LYELE INTERLUDE
17%
MEMPHIS FREESTYLE
17%
TANT DANNEES
17%
TRISTE RICHE
17%
BACK IN THE DAY (GLOBE)
8%
BB
8%
BEVERLY HILLS
8%
CÔTE PASSAGER
8%
CRAMÉ A VIE
8%
DEMNA INTERLUDE
8%
EXERCICE
8%
FLMG!
8%
GALERER
8%
GOOFY
8%
GOUAP
8%
Empty the Bin vol. 2 GRAND SAFARI
8%
Empty the Bin vol. 1 HENRI SALVADOR
8%
J'AURAIS TAPÉ DES SKINS
8%
KENZO
8%
KHALAF
8%
LAF IL EST COMME ÇA
8%
LANGUE DES CHÊVRES
8%
LA PIRE
8%
LES ETOILES ONT DES OREILLES
8%
L'OR
8%
MACHIAVELLI
8%
MA CONFIANCE
8%
NOCTURNE
8%
PHASE
8%
PLUG
8%
POURRI
8%
RIHANNA
8%
ROILAF INTERLUDE
8%
SKUNA INTERLUDE
8%
TENDANCE
8%
TETE SUR BILLET
8%
ZAYTOVEN
8%
1 VUE
0%
7E SENS
0%
AMEN
0%
AP FREESTYLE
0%
ATL LOVE
0%
AU FOND DU TROU
0%
AUJOURD'HUI
0%
BABYBOO
0%
BACK THEN OUTRO
0%
BB & CHAMPAGNE
0%
BICHLOVE
0%
BLTAPE
0%
BRODIE FREESTYLE
0%
CALME
0%
C'EST LES GENS ILS ENGRAINENT
0%
CEUX QUI PARTENT
0%
CHERI INTERLUDE
0%
CITYSTAR
0%
COMBIEN
0%
COULEUR EBÈNE
0%
COULEUR FIL
0%
DEGAT
0%
DESOLÉ
0%
ESSAYE PAS
0%
ETAU
0%
EYA!
0%
FOR REAL
0%
FRENESIE
0%
FRIGO FREESTYLE
0%
HISTOIRE DE PAPIER
0%
HUSTLER
0%
HYPERACTIF
0%
INSOMNIAQUE
0%
JDID
0%
JEUNE DANS LE BROUILLARD
0%
JEUNE DANS UN TROU
0%
JNDLC
0%
JUGE FALCONE
0%
LA FIEVRE
0%
LA FOUGUE
0%
LAFSHIT
0%
LA MÉTHODE
0%
LANGAGE INTERLUDE
0%
LAQUELLE?
0%
LE PACTE
0%
LES BIJOUX QUE JE VOULAIS
0%
LES SNITCH ET LES BITCH
0%
L'OR DU MONDE
0%
LOVESTORY
0%
MAL AIME
0%
MÊME SI
0%
MES PEINES
0%
METIER
0%
MILI
0%
MINUTE
0%
MONEYCHUTE
0%
NAIF
0%
NEPTUNE CYPHER
0%
NIGHTCALL
0%
NOIR DESIR
0%
NO MAKE UP
0%
NO SNAKE
0%
NOT NOW
0%
ON PENSAIT LA MEME CHOSE
0%
PAROLES INTERLUDE
0%
PETIT SALAIRE
0%
PHENOMÈNE
0%
PIEGE
0%
PLAQUE D'EGOUT
0%
PLAVON INTERLUDE
0%
POLI
0%
RANCUNIER
0%
SACHET DE BILLE
0%
SACRÉE STORY
0%
SOLO DOLO
0%
SOUMSOUM
0%
SOUS LES ETOILES
0%
Empty the Bin vol. 3 STU FREESTYLE
0%
TARO
0%
TML INTERLUDE
0%
TROZONÉ
0%
UN BLIKI
0%
VIE DE PALACE
0%
WALO N.E
0%
ZÉRO DÉBAT
0%
ZONE
0%
Aucun quiz correspondant
Distribution des résultats
% des personnes avec chaque résultat
Percentile par nombre de réponses
Votre historique - résultats
Vous n’avez pas pris ce quiz